Les jeux mobiles par lettres - Statistiques

Statistiques générales
  • Ce quiz a été pris 72 fois
  • Le résultat moyen est 5 sur 26
Statistiques - réponses
Lettres Réponses % Correct
C Call of Duty Mobile Candy Crush SagaClash of Clans Clash Royale Cooking Fever Cut the Rope Crossy Road
80%
B BrawlstarsBrain Test Bottle Flip 3D
Badland Bubble shooter Bingo Blitz
48%
P PUBGPiano Tiles Pokemon GO Plant vs Zombies Pixel Gun 3D Pou
48%
S Subway SurfersStardew Valley Stumble Guys Shadow Fight Sonic Dash Soul Knight Stack Slither.io Super Mario Run
48%
A Angry BirdsAlto's Adventure Among Us Asphalt 9: Legends Animal Crossing: Pocket Camp Arcane Quest Archero Avakin Life
38%
G Gardenscapes Genshin ImpactGeometry Dash / Lite GTA San Andreas Goddess of Victory : NIKKE
34%
F Fallout Shelter Flappy Dunk Freefire
Fruit Ninja Fortnite
Fishdom
32%
H Honkai Star RailHelix Jump
Hay Day Homescapes Hill Clambing Racing Hungry Shark World / Evolution
32%
J Jetpack JoyrideJust Dance Now
29%
M Magic Tiles MinecraftMonument Valley Monopoly Go My Talking Tom My Talking Angela
25%
T Temple RunTiny Room Stories Tomb of the Mask
25%
Z Zombie TsunamiZenless Zone Zero
23%
D Doodle JumpDragon City Dragon Mania Dream League Soccer 2024
20%
R RiderRaid: Shadow Legends Roblox Real Racing 3 Rocket League Sideswipe
20%
E EterniumEA Sports FC Mobile Football
4%
K Kingdom RushKicking You Knife Hit
4%
N Need for Speed: No LimitsNBA Live Mobile Basketball
4%
V Vector
4%
L League of Legends: Wild RiftLords Mobile Last Day On Earth Ludoking
2%
U UNO
2%
I Into the DeadIdle Miner Tycoon
0%
O Oceanhorn
0%
Q QuizUpQuestland
0%
W Warzone Wordscapes World of Tanks Blitz
0%
X X-treme Drift 2
0%
Y Yu-Gi-Oh! Duel Links
0%
Aucun quiz correspondant
Distribution des résultats
% des personnes avec chaque résultat
Percentile par nombre de réponses
Votre historique - résultats
Vous n’avez pas pris ce quiz